| 000 | 00452nam a22001577a 4500 | ||
|---|---|---|---|
| 999 |
_c527209 _d527209 |
||
| 020 | _a9788123917009 | ||
| 082 |
_a624.2 _bRAJ |
||
| 100 | _aRaju, N. Krishna | ||
| 245 |
_aPrestressed concrete bridge / _cN. Krishna Raju |
||
| 260 |
_aIndia : _bIndia binding house, _c2016. |
||
| 300 | _a363 p. ; | ||
| 942 |
_2ddc _cBK |
||
| 650 |
_aConcrete Bridge - Engineering _918346 |
||